Now You live in Japan : Handbook of Essential Knowledge for Resident Foreigners

There are a few things to keep in mind to help your life in Japan to be smooth and ... some of the very basic information you will find useful in starting a new life in ... In order for you to reside in Japan, you will need a status of residence. ... foreign nationals with a mid- to long-term stay i...

Полное описание

Сохранить в:
Библиографические подробности
Соавтор: Research Committee for Bicultural Life in Japan
Формат:
Язык:Undetermined
Опубликовано: Tokyo Japan Times 1985
Предметы:
Метки: Добавить метку
Нет меток, Требуется 1-ая метка записи!
Thư viện lưu trữ: Trung tâm Học liệu Trường Đại học Cần Thơ
LEADER 01015nam a2200217Ia 4500
001 CTU_227748
008 210402s9999 xx 000 0 und d
082 |a 915.2 
082 |b P737 
110 |a Research Committee for Bicultural Life in Japan 
245 0 |a Now You live in Japan : 
245 0 |b Handbook of Essential Knowledge for Resident Foreigners 
245 0 |c Research Committee for Bicultural Life in Japan 
260 |a Tokyo 
260 |b Japan Times 
260 |c 1985 
520 |a There are a few things to keep in mind to help your life in Japan to be smooth and ... some of the very basic information you will find useful in starting a new life in ... In order for you to reside in Japan, you will need a status of residence. ... foreign nationals with a mid- to long-term stay in Japan are issued a resident card. 
650 |a Nhật Bản,Japan 
650 |x Mô tả và du hành,Description and travel 
910 |b dqhieu 
980 |a Trung tâm Học liệu Trường Đại học Cần Thơ